000 00311nam a22001337a 4500
008 170530b xxu||||| |||| 00| 0 eng d
020 _a0802061419
041 _aeng
080 _a94
100 _a17
101 _aSHH
245 _aTHE ORIGINS OF MODERN ENGLISH SOCIETY 1780-1880
_cPERKIN.H
942 _2udc
_cBK
999 _c15087
_d15087